| 000 | 00000nam 2200000za 4500 |
| 001 | 9.574596 |
| 003 | CaOODSP |
| 005 | 20250808103054 |
| 007 | cr ||||||||||| |
| 008 | 150406|1998||||xxc|||||o f|0| 0 eng d |
| 022 | |a1205-9153 |
| 040 | |aCaOODSP|beng |
| 043 | |an-cn--- |
| 086 | 1 |aCS11-0019/98E-PDF |
| 100 | 1 |aBaldwin, John R. |q(John Russel) |
| 245 | 04|aThe effect of technology and trade on wage differentials between nonproduction and production workers in Canadian manufacturing / |h[electronic resource]|cby John R. Baldwin and Mohammed Rafiquzzaman. |
| 260 | |aOttawa - Ontario : |bStatistics Canada |cMay 1998. |
| 300 | |a47p.|bgraphs, references, tables |
| 490 | 1 |aAnalytical Studies Branch research paper series|x1205-9153|vNo. 98 |
| 500 | |aThe catalogue number (11F0019MPE) and ISBN (0-660-17473-1) for the print edition have been incorrectly copied in this electronic publication. |
| 590 | |a12-34-Supp|b2012-07-31 |
| 710 | 2 |aStatistics Canada. |
| 775 | 08|tL'incidence de la technologie et du commerce sur les écarts salariaux entre les travailleurs de la production et la main-d'oeuvre indirecte dans le secteur manufacturier canadien / |w(CaOODSP)9.604331 |
| 776 | 0#|tThe effect of technology and trade on wage differentials between nonproduction and production workers in Canadian manufacturing / |w(CaOODSP)9.614348 |
| 830 | #0|aResearch paper series (Statistics Canada. Analytical Studies Branch)|x1205-9153|vNo. 98|w(CaOODSP)9.504421 |
| 856 | 40|ahttp://publications.gc.ca|qPDF|s151 KB|uhttps://publications.gc.ca/collections/Collection/CS11-0019-98E.pdf|yNo. 98 |